000 00850nam a2200265 a 4500
001 BRCA_6409
005 20190320205437.0
008 090911s1930----gw-a######---#000-0#ger-#
041 _ager
044 _agw
050 4 _aN2230
_b.G46 1 1930
245 1 0 _aDie Gemäldegalerie
_bdie Italienischen Meister 16. bis 18. jahrhundert
_cStaatliche Museen Berlin.
260 _aBerlín, Alemania
_bPaul Cassirer
_c1930
300 _a155 p.
_bil.
_c25 cm.
500 _aIncluye directorio de ilustraciones
500 _aVer también S52c
500 _aCDE35
610 2 4 _aGemälde Galerie (Alemania)
_916024
650 1 4 _aArte italiano
_vHistoria
_ySiglo XVI-XVIII
_916025
650 1 4 _aObras de arte
_vCatálogos
_916026
650 1 4 _aGalerías y museos
_zAlemania
_95059
710 2 _aStaatliche Museen Berlin
_916027
902 _aGFM
942 _2lcc
_cB
999 _c6094
_d6094